| 000 | 01272nam a22002657a 4500 | ||
|---|---|---|---|
| 999 |
_c22358 _d22358 |
||
| 003 | AR-CdUCM | ||
| 008 | 190425b ||||| |||| 00| 0 spa d | ||
| 040 |
_aMUNICIPALIDAD PROVINCIAL DEL CUSCO _cBIBLIOTECA MUNICIPAL DEL CUSCO |
||
| 082 | _aRev.Anto/N°110/2006 | ||
| 110 |
_aUniversidad Nacional de San Antonio Abad del Cusco _915942 |
||
| 245 |
_aEl Antoniano : _bRevista científico cultural de la Universidad Nacional de San Antonio Abad del Cusco / _cHugo Bonet Rodríguez, director |
||
| 260 |
_aCusco : _bUNSAAC, _c2006. |
||
| 300 |
_a128 páginas. : _bilustraciones ; _c29 cm. |
||
| 440 |
_aEl Antononiano. _nAño 16, N°110, junio-julio 2006. _947928 |
||
| 500 | _aDonación Mesa Redonda Panamericana | ||
| 505 | _aContenido: La escritura Inka. -- La casa del Almirante. -- Jueces inicuos e ignorantes sobre la restauración. -- Raúl Brozovich Mendoza una singular dimensión existencial. -- Los mejores museos del mundo. ... | ||
| 650 |
_aFolklore cusqueño _98693 |
||
| 650 |
_aIdentidad cultural _92943 |
||
| 650 |
_aAntropología cusqueña _945862 |
||
| 700 |
_aFlores Ochoa, Jorge _92915 |
||
| 700 |
_aZegarra Balcázar, Jorge Miguel _946952 |
||
| 710 |
_aUniversidad Nacional de San Antonio Abad del Cusco _915942 |
||
| 942 |
_2ddc _cPP |
||
| 945 | _arac | ||